00916njm a2200217 i 45000010005000000030009000050070015000140080041000291000022000702450116000922600041002083000054002494900018003035000038003215180151003596100070005107100042005808300018006228520029006408520029006694876ES-MaACLs|r|||||||||||070821s1980 sp ||| g ||||||||1|nspa d1 aJiménez, Pablo.10aSelección de "La luz bajo el celemín" y otros poemas h[Grabación sonora] / cinterviene Pablo Jiménez. aMadrid : bAteneo de Madrid, c1980. a2 discos (CD-DA) (1 h. 23 min. 3 seg.) ; c12 cm.1 aPoetas nuevos aDatos basados en la invitación. aActo organizado por el Aula de Poesía del Ateneo de Madrid, grabado en la sala de conferencias el miércoles 5 de marzo de 1980, a las 20:00 h.24aAteneo de Madrid-xActos culturales-y1980-vGrabaciones sonoras.2 aAteneo de Madrid. bAula de Poesía.0 aPoetas nuevos aES-MaACLjROT 4/3/6cROT aES-MaACLjROT 4/3/7cROT